stranger - Olivia Rodrigo - Statistics

General Stats
  • This quiz has been taken 59 times
  • The average score is 323 of 392
Answer Stats
Hint Answer % Correct
Chorus | Verse 1 I
100%
the
100%
The
100%
in
97%
up
97%
a
95%
had
95%
my
95%
so
95%
woke
95%
you
95%
You
95%
And
92%
and
92%
bed
92%
ever
92%
mornin'
92%
of
92%
that
92%
this
92%
all
89%
feel
89%
for
89%
it
89%
know
89%
left
89%
me
89%
no
89%
stranger
89%
to
89%
your
89%
feeling
87%
just
87%
now
87%
sat
87%
thing
87%
You're
87%
you're
87%
about
84%
day
84%
everything
84%
half
84%
hope
84%
myself
84%
was
84%
without
84%
But
82%
but
82%
complete
82%
I'm
82%
love
82%
mad
82%
can't
79%
chest
79%
did
79%
million
79%
nice
79%
straight
79%
strangest
79%
cried
76%
do
76%
felt
76%
go
76%
off
76%
since
76%
time
76%
always
74%
even
74%
imagine
74%
made
74%
Verse 2 Made
74%
not
74%
over
74%
some
74%
what
74%
cup
71%
guy
71%
hadn't
71%
hopeful
71%
lose
71%
Oh
71%
out
71%
remember
71%
rivers
71%
that's
71%
weight
71%
coffee
68%
feels
68%
sleep
68%
am
66%
because
66%
Chorus 'Cause
66%
doing
66%
if
66%
life
66%
nothin'
66%
poured
66%
really
66%
far
63%
girl
63%
happen
63%
happen?
63%
happy
63%
Bridge There's
63%
things
63%
think
63%
though
63%
would
63%
Chorus Yeah
63%
anymore
61%
babe
61%
best
61%
everybody
61%
God
61%
How
61%
matter
61%
pot
61%
stay
61%
stuff
61%
told
61%
win
61%
clouds
58%
doesn't
58%
fire
58%
I'll
58%
knows
58%
storm
58%
try
58%
burn
55%
enough
55%
screamed
55%
thought
55%
are
53%
believed
53%
comforting
53%
keep
53%
lie
53%
subside
53%
'til
53%
whole
53%
end
50%
Like
47%
loved
47%
mean
47%
sing
47%
get
45%
battles
37%
ya
37%
fought
34%
No matching quizzes found
Score Distribution
Percent of People with Each Score
Percentile by Number Answered
Your Score History
You have not taken this quiz